Most streamed songs : Cyndi Lauper - Statistics

General Stats
  • This quiz has been taken 52 times
    3 since last reset
  • The average score is 6 of 10
Answer Stats
Streams Song % Correct
1 591 000 000 Girls Just Want to Have Fun
100%
32 000 000 She Bop
100%
1 184 000 000 Time After Time
100%
334 000 000 True Colors
100%
75 500 000 All Through the Night
67%
73 500 000 I Drove All Night
67%
12 000 000 Change of Heart
33%
16 000 000 Money Changes Everything
33%
49 000 000 The Goonies 'R' Good Enough
33%
13 000 000 Early Christmas Morning
0%
No matching quizzes found
Score Distribution
Percent of People with Each Score
Percentile by Number Answered
Your Score History
You have not taken this quiz since the last reset